Resúmen acerca del estado del Instituto de S. Isidro de Madrid (antiguos Estudios del mismo nombre) en el curso de 1877 a 1878 / (Record no. 155947)

MARC details
000 -LEADER
campo de control de longitud fija 00795nam a22001815i 4500
001 - NÚMERO DE CONTROL
campo de control 155947
003 - IDENTIFICADOR DE NÚMERO DE CONTROL
campo de control ES-MaACL
005 - FECHA Y HORA DE LA ÚLTIMA TRANSACCIÓN
campo de control 20230906210248.0
008 - DATOS DE LONGITUD FIJA--INFORMACIÓN GENERAL
campo de control de longitud fija 050715s1879 sp | |||||||| ||spa d
040 ## - FUENTE DE CATALOGACIÓN
Centro catalogador/agencia de origen CAM
Lengua de catalogación spa
Centro/agencia transcriptor CAM
110 2# - ENTRADA PRINCIPAL--NOMBRE DE ENTIDAD CORPORATIVA
Nombre de entidad corporativa o nombre de jurisdicción como elemento de entrada Instituto de San Isidro (Madrid)
9 (RLIN) 134549
245 10 - MENCIÓN DEL TÍTULO
Título Resúmen acerca del estado del Instituto de S. Isidro de Madrid (antiguos Estudios del mismo nombre) en el curso de 1877 a 1878 /
Mención de responsabilidad, etc. por Bernardo Rodríguez Largo.
260 ## - PUBLICACIÓN, DISTRIBUCIÓN, ETC.
Lugar de publicación, distribución, etc. Madrid :
Nombre del editor, distribuidor, etc. [s.n.],
Fecha de publicación, distribución, etc. 1879 (
Fabricante Imprenta de Alejandro Gómez Fuentenebro)
300 ## - DESCRIPCIÓN FÍSICA
Extensión 58 p., [1] h. pleg ;
Dimensiones 22 cm.
610 24 - PUNTO DE ACCESO ADICIONAL DE MATERIA--NOMBRE DE ENTIDAD CORPORATIVA
Nombre de entidad corporativa o nombre de jurisdicción como elemento de entrada Instituto de San Isidro (Madrid)-
Subdivisión de forma Memorias y balances.
9 (RLIN) 134550
700 1# - ENTRADA AGREGADA--NOMBRE PERSONAL
Nombre de persona Rodríguez y Largo, Bernardo.
9 (RLIN) 131943
852 ## - LOCALIZACIÓN
Ubicación ES-MaACL
Número de control de estantería T-315-F-3
Nota libre -- Enc. hol.
-- -- Enc. en un vol. facticio
Holdings
Estatus retirado Estado de pérdida Estado de daño No para préstamo Colección Biblioteca de origen Biblioteca actual Ubicación en estantería Fecha de adquisición Total de préstamos Signatura topográfica completa Código de barras Visto por última vez Precio de reemplazo Tipo de ítem Koha
        Colección de folletos Biblioteca del Ateneo de Madrid Biblioteca del Ateneo de Madrid Depósito folletos 17/01/2008   T-315-F-3 1163145 23/02/2023 23/02/2023 Folleto